000
00326nam a22001457a 4500
008
210608b ||||| |||| 00| 0 eng d
020
_a
9780760746509
041
_a
eng
080
_a
53
082
_a
53
100
_a
43
101
_a
FIZ
245
_a
The Handy Physics Answer Book
_c
P. Erik Gundersen
942
_2
udc
_c
BK
999
_c
58065
_d
58065